| 000 | 00473nam a22001937a 4500 | ||
|---|---|---|---|
| 003 | Ost | ||
| 005 | 20220829224746.0 | ||
| 008 | 220829b |||||||| |||| 00| 0 eng d | ||
| 020 | _aNA | ||
| 040 | _cBT-PhCST | ||
| 050 | _a4324 | ||
| 082 |
_222 _a302.3521 |
||
| 100 | _aJones, Gareth R. | ||
| 245 |
_aOrganizational theory, design and change : _btext and cases / |
||
| 250 | _a4th ed. | ||
| 260 |
_bPearson Education, _cc2004. |
||
| 300 |
_a0 _bill. ; |
||
| 942 |
_2ddc _cMAG |
||
| 999 |
_c2327 _d2327 |
||